| 000 | 00905cab a2200253 4500 | ||
|---|---|---|---|
| 001 | WB3433-30 | ||
| 008 | 090401t1998 xxu||||| |||| 00| 0 eng d | ||
| 035 | _a(Sirsi) u88288 | ||
| 041 | _aeng | ||
| 245 | _aTreasury taskforce reinvigorates PFI | ||
| 260 | _c1998 | ||
| 350 | _a0 | ||
| 490 |
_aHM Treasury Press Release _v(141/98) 27 August 1998 (1) |
||
| 520 | _aThe Private Finance Taskforce has published new best practice guidance for the appointment of PFI advisers and given written assurance that funding for PFI contracts by non-Departmental public bodies will not be cut after signature of value for money contracts. | ||
| 650 | _aADVICE | ||
| 650 | _aBEST PRACTICE | ||
| 650 | _aCD-ROM | ||
| 650 | _aPFI | ||
| 650 | _aPRIVATE FINANCE INITIATIVE | ||
| 650 | _aPRIVATE FINANCE TASKFORCE | ||
| 690 | _aPROPERTY-PROPERTY FINANCE AND INVESTMENT | ||
| 942 | _n0 | ||
| 948 | _c03/09/1998 | ||
| 999 |
_c55767 _d55767 |
||